01275nam a22003254a 4500001001200000003000800012006001900020007001500039008004100054010001700095020003500112040002100147035002000168050002200188082001700210245012400227260003400351300002600385490003000411504005100441533015200492650004100644650002500685655002900710700002600739710001700765830002400782856012600806999001700932ebr10047816CaPaEBRm u cr cn|||||||||020313s2003 nyua sb 001 0 eng  z 2002020946 z0387954740 (hbk. : alk. paper) aCaPaEBRcCaPaEBR a(OCoLC)5316536514aR858b.P83 2003eb04a025.066122100aPublic health informatics and information systemsh[electronic resource] /cPatrick W. O'Carroll ... [et al.], editors. aNew York :bSpringer,cc2003. axxvii, 790 p. :bill.1 aHealth informatics series aIncludes bibliographical references and index. aElectronic reproduction.bPalo Alto, Calif. :cebrary,d2013.nAvailable via World Wide Web.nAccess may be limited to ebrary affiliated libraries. 0aPublic healthxInformation services. 0aMedical informatics. 7aElectronic books.2local1 aO'Carroll, Patrick W.2 aebrary, Inc. 0aHealth informatics.40uhttp://site.ebrary.com/lib/rucke/Doc?id=10047816zAn electronic book accessible through the World Wide Web; click to view c77496d77496